[Event "Skopje op"]
[Site "Skopje"]
[Date "2023.12.10"]
[Round "6"]
[White "Zlatkov, Anton"]
[Black "Kirilov, Ivaylo"]
[Result "1/2-1/2"]
[WhiteElo "2204"]
[BlackElo "2054"]
[PlyCount "112"]
[EventDate "2023.12.06"]
[EventType "swiss"]
[EventRounds "9"]
[EventCountry "MKD"]
[SourceTitle "CB50_2023"]
[SourceDate "2023.12.13"]
[SourceVersion "1"]
[SourceVersionDate "2023.12.13"]
[SourceQuality "1"]

1. Nf3 Nf6 2. c4 g6 3. g3 Bg7 4. Bg2 d6 5. 0-0 0-0 6. d4 Nc6 7. Nc3 e5 8. d5 Ne7 9. e4 Ne8 10. Ne1 f5 11. Nd3 Nf6 12. b4 Kh8 13. Bb2 g5 14. exf5 Bxf5 15. Qe2 Qe8 16. Ne4 Qg6 17. Rfe1 b5 18. cxb5 Nxe4 19. Bxe4 Bxe4 20. Qxe4 Qxe4 21. Rxe4 Nxd5 22. Rd1 Nb6 23. Kg2 Rf7 24. h4 gxh4 25. Rxh4 Bf6 26. Rh6 Raf8 27. Rdh1 Nd5 28. R6h5 e4 29. Rxd5 Bxb2 30. Nf4 Rg8 31. Rh4 Be5 32. Kh3 Rg5 33. Ne6 Rg6 34. Nf4 Rgf6 35. Nh5 Rxf2 36. Rxe4 Rf8 37. a4 h6 38. Rc4 R8f7 39. a5 R2f5 40. Nf4 Rg5 41. Rd3 Bxf4 42. gxf4 Rxb5 43. Rdc3 Rg7 44. Kh4 Rf5 45. Rxc7 Rxf4+ 46. Kh5 Rxb4 47. Rxg7 Kxg7 48. Rc7+ Kf6 49. Rxa7 Ra4 50. Ra8 Ke6 51. Kxh6 Kd5 52. Kg5 Kc6 53. Kf5 Kb7 54. Rd8 Kc7 55. Ra8 Kb7 56. Rd8 Rxa5+ 1/2-1/2

[Event "BUL-ch U20"]
[Site "Sofia"]
[Date "2023.02.02"]
[Round "2"]
[White "Mitev, Valentin"]
[Black "Kirilov, Ivaylo"]
[Result "1-0"]
[WhiteElo "2219"]
[BlackElo "2056"]
[PlyCount "57"]
[EventDate "2023.02.01"]
[EventType "swiss"]
[EventRounds "7"]
[EventCountry "BUL"]
[SourceTitle "CBM 212 Extra"]
[Source "ChessBase"]
[SourceDate "2023.03.31"]
[SourceVersion "1"]
[SourceVersionDate "2023.03.31"]
[SourceQuality "1"]

1. c4 c5 2. Nc3 Nc6 3. Nf3 g6 4. e3 Bg7 5. d4 cxd4 6. exd4 d6 7. Be2 Bg4 8. d5 Bxf3 9. Bxf3 Ne5 10. Be2 Nf6 11. f4 Ned7 12. Be3 0-0 13. 0-0 Nc5 14. Qc2 e6 15. dxe6 fxe6 16. Rad1 Qe7 17. b4 Na6 18. a3 Rfd8 19. Kh1 Nc7 20. Rd2 e5 21. fxe5 dxe5 22. Bg5 Rxd2 23. Qxd2 Rd8 24. Qe3 Rd4 25. Qf3 e4 26. Qf2 Ng4 27. Qxd4 Qxg5 28. Qd7 Ne3 29. Qc8+ 1-0

[Event "PNWCC vs Europe Hybrid 05"]
[Site "Chess.com INT"]
[Date "2022.05.07"]
[Round "1"]
[White "Sathish, Pranav"]
[Black "Kirilov, Ivaylo"]
[Result "1-0"]
[WhiteElo "1850"]
[BlackElo "2085"]
[PlyCount "113"]
[EventDate "2022.05.07"]
[EventType "team-tourn"]
[EventRounds "4"]
[EventCountry "USA"]
[SourceTitle "EXT 2023"]
[Source "ChessBase"]
[SourceDate "2022.10.05"]
[SourceVersion "1"]
[SourceVersionDate "2022.10.05"]
[SourceQuality "1"]
[WhiteTeam "PNWCC"]
[BlackTeam "Europe"]
[WhiteTeamCountry "USA"]

1. c4 c5 2. Nc3 Nc6 3. Nf3 g6 4. g3 Bg7 5. Bg2 d6 6. 0-0 e5 7. h3 Nge7 8. a3 0-0 9. Rb1 Be6 10. d3 h6 11. b4 Qd7 12. Kh2 f5 13. Na4 cxb4 14. axb4 Rac8 15. b5 Nd8 16. Be3 b6 17. Bxb6 axb6 18. Nxb6 Qc7 19. Nxc8 Nxc8 20. Nd2 e4 21. dxe4 f4 22. Rc1 Nb7 23. gxf4 Rxf4 24. e3 Rf8 25. f4 Nc5 26. Qc2 Nb6 27. Rfd1 Rc8 28. Bf1 Ra8 29. Nb1 Nba4 30. Bg2 Rf8 31. Qe2 Qe7 32. Rd2 Nb3 33. Rcd1 Nxd2 34. Qxd2 Bxc4 35. Qb4 Nb2 36. Rd2 Be6 37. Qxd6 Qxd6 38. Rxd6 Ba2 39. Nd2 g5 40. Ra6 Bf7 41. Nf3 gxf4 42. exf4 Nd3 43. f5 Ne5 44. Kg3 Nxf3 45. Bxf3 Be5+ 46. Kh4 Kh7 47. Bh5 Rg8 48. Bg6+ Bxg6 49. Rxg6 Rb8 50. Kh5 Bf4 51. b6 Be3 52. e5 Rf8 53. f6 Re8 54. Rg7+ Kh8 55. Kg6 Re6 56. b7 Ba7 57. Re7 1-0

[Event "PNWCC-Bulgaria Hybrid m2"]
[Site "Chess.com INT"]
[Date "2021.12.20"]
[Round "6"]
[White "Zaloznyy, Mike"]
[Black "Kirilov, Ivaylo"]
[Result "1-0"]
[WhiteElo "2011"]
[BlackElo "2116"]
[PlyCount "97"]
[EventDate "2021.12.18"]
[EventType "team-match"]
[EventRounds "12"]
[EventCountry "USA"]
[SourceTitle "CBM 206 Extra"]
[Source "ChessBase"]
[SourceDate "2022.03.31"]
[SourceVersion "1"]
[SourceVersionDate "2022.03.31"]
[SourceQuality "1"]
[WhiteTeam "PNWCC"]
[BlackTeam "Bulgaria"]
[WhiteTeamCountry "USA"]
[BlackTeamCountry "BUL"]

1. d4 g6 2. Nf3 Bg7 3. e3 d6 4. Be2 Nd7 5. 0-0 e5 6. b3 Ne7 7. Bb2 0-0 8. c4 h6 9. dxe5 dxe5 10. Nc3 Re8 11. Qd2 Nf5 12. Rfd1 e4 13. Nd4 Nxd4 14. exd4 Nf6 15. h3 h5 16. Qf4 a6 17. Bc1 Qe7 18. Qg3 Bf5 19. Bg5 c6 20. Qf4 Rad8 21. Rac1 Qd6 22. Qh4 Nh7 23. Bxd8 Qxd8 24. Qxd8 Rxd8 25. g4 hxg4 26. hxg4 Bc8 27. Nxe4 f5 28. gxf5 gxf5 29. Ng3 Bxd4 30. c5 Ng5 31. Rc4 Bf6 32. Rxd8+ Bxd8 33. f4 Nf7 34. Bd3 Nh6 35. Rc2 Bc7 36. Re2 Kf8 37. Nh5 Ng4 38. Kg2 Bd7 39. Kg3 Kf7 40. Bc4+ Kf8 41. Ng7 Nf6 42. Be6 Kxg7 43. Bxd7 Nh5+ 44. Kf3 Nxf4 45. Re8 Nd3 46. Bxf5 Nxc5 47. b4 Kf6 48. Rf8+ Ke7 49. Rc8 1-0

[Event "Primorsko op"]
[Site "Primorsko"]
[Date "2020.09.22"]
[Round "9"]
[White "Karadzhov, Ivan"]
[Black "Kirilov, Ivaylo"]
[Result "1/2-1/2"]
[WhiteElo "2124"]
[BlackElo "2037"]
[PlyCount "52"]
[EventDate "2020.09.14"]
[EventType "swiss"]
[EventRounds "9"]
[EventCountry "BUL"]
[SourceTitle "CBM 198 Extra"]
[Source "ChessBase"]
[SourceDate "2020.11.30"]
[SourceVersion "1"]
[SourceVersionDate "2020.11.30"]
[SourceQuality "1"]

1. d4 g6 2. c4 Bg7 3. Nc3 d6 4. Nf3 Nd7 5. Bg5 h6 6. Bh4 g5 7. Bg3 e5 8. e3 f5 9. dxe5 dxe5 10. h3 Ne7 11. Qc2 c6 12. 0-0-0 Qa5 13. Bh2 0-0 14. h4 g4 15. Nd2 Nc5 16. f3 h5 17. Be2 Be6 18. Kb1 a6 19. a3 Qc7 20. b4 Nd7 21. Nb3 Kh8 22. Na4 b6 23. Qd3 b5 24. Qd6 Qxd6 25. Rxd6 Rf6 26. Nb2 g3 1/2-1/2

[Event "Nis op"]
[Site "Nis"]
[Date "2019.06.27"]
[Round "3"]
[White "Kirilov, Ivaylo"]
[Black "Yurasova, Daria"]
[Result "0-1"]
[WhiteElo "1899"]
[BlackElo "2128"]
[PlyCount "38"]
[EventDate "2019.06.25"]
[EventType "swiss"]
[EventRounds "9"]
[EventCountry "SRB"]
[SourceTitle "EXT 2020"]
[Source "ChessBase"]
[SourceDate "2019.10.17"]
[SourceVersion "1"]
[SourceVersionDate "2019.10.17"]
[SourceQuality "1"]

1. e4 c6 2. d4 d5 3. exd5 cxd5 4. c4 Nf6 5. Nc3 Bf5 6. cxd5 Nxd5 7. Bb5+ Nc6 8. Nf3 e6 9. Ne5 Ndb4 10. Qa4 Qb6 11. 0-0 f6 12. Nxc6 bxc6 13. Be2 Nc2 14. Bf3 Rc8 15. Rb1 Nxd4 16. Be4 Bxe4 17. Nxe4 Ne2+ 18. Kh1 Qb5 19. Qxa7 Nc3 0-1

[Event "Ohrid Lasker U20 op"]
[Site "Ohrid"]
[Date "2018.10.14"]
[Round "7"]
[White "Kirilov, Ivaylo"]
[Black "Stankovic, Boris"]
[Result "1-0"]
[WhiteElo "1919"]
[BlackElo "1788"]
[PlyCount "113"]
[EventDate "2018.10.11"]
[EventType "swiss"]
[EventRounds "7"]
[EventCountry "MKD"]
[SourceTitle "CBM 186 Extra"]
[Source "ChessBase"]
[SourceDate "2018.08.24"]
[SourceVersion "1"]
[SourceVersionDate "2018.08.24"]
[SourceQuality "1"]

1. e4 c5 2. Nf3 d6 3. d4 cxd4 4. Nxd4 Nf6 5. Nc3 Nc6 6. f3 e5 7. Nb3 Be7 8. Be3 Be6 9. Qd2 0-0 10. 0-0-0 a5 11. Kb1 a4 12. Nc1 a3 13. b3 Rc8 14. Nd5 Bxd5 15. exd5 Nb8 16. c4 h6 17. Qb4 Qd7 18. Qxa3 e4 19. f4 Na6 20. h3 Nh7 21. Bd4 f5 22. Qb2 Bf6 23. Be2 g5 24. g3 Bxd4 25. Qxd4 Qg7 26. Qxg7+ Kxg7 27. Rhe1 Nf6 28. a3 Kf7 29. Na2 Rg8 30. Nc3 gxf4 31. gxf4 Rg3 32. Nb5 Ke7 33. Nd4 Rxh3 34. Rh1 Rxh1 35. Rxh1 h5 36. Nxf5+ Kd7 37. Rg1 Rg8 38. Rxg8 Nxg8 39. Bxh5 Nf6 40. Be2 Nc5 41. Kc2 Kc7 42. b4 Ncd7 43. Kc3 Nf8 44. Kd4 Ng6 45. Ke3 b5 46. Ng3 bxc4 47. Bxc4 Ne7 48. Nxe4 Nfxd5+ 49. Bxd5 Nxd5+ 50. Kf3 Nb6 51. Nc3 d5 52. Ke3 Kd6 53. Kd4 Kc6 54. f5 Kd6 55. f6 Ke6 56. Nxd5 Nxd5 57. f7 1-0

[Event "Ohrid Lasker U20 op"]
[Site "Ohrid"]
[Date "2018.10.11"]
[Round "2"]
[White "Kirilov, Ivaylo"]
[Black "Vogli, Erion"]
[Result "1-0"]
[WhiteElo "1919"]
[BlackElo "1334"]
[PlyCount "77"]
[EventDate "2018.10.11"]
[EventType "swiss"]
[EventRounds "7"]
[EventCountry "MKD"]
[SourceTitle "CBM 186 Extra"]
[Source "ChessBase"]
[SourceDate "2018.08.24"]
[SourceVersion "1"]
[SourceVersionDate "2018.08.24"]
[SourceQuality "1"]

1. e4 c5 2. Nf3 Nc6 3. d4 cxd4 4. Nxd4 Nf6 5. Nc3 e6 6. Ndb5 d6 7. Bf4 e5 8. Bg5 a6 9. Na3 b5 10. Nd5 Be7 11. Bxf6 Bxf6 12. c3 0-0 13. Nc2 Bg5 14. h4 Be7 15. Nce3 h6 16. g3 f5 17. exf5 Bxf5 18. Nxf5 Rxf5 19. Ne3 Rf8 20. Qd5+ Kh8 21. Qxc6 Qb8 22. Bd3 g5 23. Nf5 Qa7 24. 0-0-0 Rac8 25. Qe4 gxh4 26. Nxe7 Qxe7 27. Rxh4 Qg5+ 28. f4 Qg7 29. Rdh1 Rf6 30. fxe5 dxe5 31. Qe3 Rcc6 32. Rh5 Rfe6 33. Be4 Rcd6 34. Rf5 Rd8 35. Rhf1 Kg8 36. Qf3 Red6 37. Bc2 R6d7 38. Kb1 Rd2 39. Rf7 1-0

[Event "Ohrid Lasker U20 op"]
[Site "Ohrid"]
[Date "2018.10.11"]
[Round "1"]
[White "Kote, Aleks"]
[Black "Kirilov, Ivaylo"]
[Result "0-1"]
[WhiteElo "1135"]
[BlackElo "1919"]
[PlyCount "50"]
[EventDate "2018.10.11"]
[EventType "swiss"]
[EventRounds "7"]
[EventCountry "MKD"]
[SourceTitle "CBM 186 Extra"]
[Source "ChessBase"]
[SourceDate "2018.08.24"]
[SourceVersion "1"]
[SourceVersionDate "2018.08.24"]
[SourceQuality "1"]

1. e4 e5 2. Nf3 Nc6 3. Nc3 Nf6 4. Bb5 Bb4 5. 0-0 d6 6. d3 0-0 7. h3 h6 8. Bd2 Ne7 9. Ne2 Bxd2 10. Qxd2 Ng6 11. Ng3 c5 12. Bc4 Nf4 13. a3 Be6 14. Qc3 N6h5 15. Qb3 Qd7 16. Bxe6 fxe6 17. Nxh5 Nxh5 18. Nh4 Nf4 19. Nf5 Kh8 20. Nh4 g5 21. Nf3 Nxh3+ 22. Kh2 Nf4 23. Rh1 Kg7 24. Kg1 Qf7 25. Re1 Nxg2 0-1

[Event "EU-ch U14 26th"]
[Site "Prague"]
[Date "2016.08.26"]
[Round "8"]
[White "Kirilov, Ivaylo"]
[Black "Stage Steffensen, Sander"]
[Result "0-1"]
[WhiteElo "1911"]
[BlackElo "1688"]
[PlyCount "116"]
[EventDate "2016.08.18"]
[EventType "swiss"]
[EventRounds "9"]
[EventCountry "CZE"]
[SourceTitle "CBM 174 Extra"]
[Source "ChessBase"]
[SourceDate "2016.10.10"]
[SourceVersion "1"]
[SourceVersionDate "2016.10.10"]
[SourceQuality "1"]

1. e4 d6 2. d4 Nf6 3. f3 e5 4. d5 c6 5. Nc3 Qc7 6. Be3 Be7 7. Qd2 Bd7 8. 0-0-0 c5 9. g4 a6 10. h4 b5 11. h5 b4 12. Nce2 a5 13. g5 Ng8 14. Bh3 a4 15. Bxd7+ Nxd7 16. Ng3 g6 17. hxg6 fxg6 18. f4 exf4 19. Bxf4 Ra6 20. Nf3 Bf8 21. Rde1 Ne5 22. Bxe5 dxe5 23. Qe2 Ra5 24. Nf1 c4 25. Ne3 Rc5 26. Qh2 Bd6 27. Kb1 c3 28. b3 axb3 29. cxb3 Ne7 30. Rc1 Nc8 31. Ng4 Na7 32. Ne1 Ra5 33. Nf6+ Kd8 34. Rc2 Nb5 35. Kc1 Nd4 36. Qg2 Nxb3+ 37. Kd1 Nd4 38. Rc1 Qc4 39. Rh2 b3 40. axb3 Nxb3 41. Qh3 Qd4+ 42. Nd3 Nc5 43. Rcc2 Qxd3+ 44. Qxd3 Nxd3 45. Ra2 Nb2+ 46. Rhxb2 cxb2 47. Rxb2 h6 48. Rb6 Bc7 49. Rc6 Ra4 50. Kc2 hxg5 51. d6 Bxd6 52. Rxd6+ Ke7 53. Rb6 Ra3 54. Nd5+ Kd7 55. Rb7+ Kd6 56. Rb6+ Kc5 57. Kb2 Rg3 58. Ka2 Rh2+ 0-1

[Event "EU-ch U14 26th"]
[Site "Prague"]
[Date "2016.08.25"]
[Round "7"]
[White "Nehyba, Martin"]
[Black "Kirilov, Ivaylo"]
[Result "1-0"]
[WhiteElo "1824"]
[BlackElo "1911"]
[PlyCount "75"]
[EventDate "2016.08.18"]
[EventType "swiss"]
[EventRounds "9"]
[EventCountry "CZE"]
[SourceTitle "CBM 174 Extra"]
[Source "ChessBase"]
[SourceDate "2016.10.10"]
[SourceVersion "1"]
[SourceVersionDate "2016.10.10"]
[SourceQuality "1"]

1. c4 Nf6 2. Nc3 g6 3. g3 Bg7 4. Bg2 d6 5. d3 0-0 6. Nf3 e5 7. Bg5 h6 8. Bxf6 Bxf6 9. Rb1 Bg7 10. 0-0 c6 11. b4 f5 12. e4 Be6 13. Qe2 Nd7 14. Rfd1 Nf6 15. exf5 gxf5 16. b5 Qd7 17. a4 c5 18. a5 Rad8 19. Na4 Qf7 20. b6 a6 21. Nxc5 dxc5 22. Nxe5 Qe7 23. Ng6 Qd7 24. Nxf8 Rxf8 25. Bxb7 f4 26. Bf3 fxg3 27. hxg3 Bg4 28. Bxg4 Nxg4 29. b7 Rb8 30. Rb6 Bd4 31. Rg6+ Kh7 32. Rxg4 Qc7 33. Qe4+ Kh8 34. Re1 Rf8 35. Re2 Qxa5 36. Qg6 Qa1+ 37. Kg2 Bg7 38. Re8 1-0

[Event "EU-ch U14 26th"]
[Site "Prague"]
[Date "2016.08.22"]
[Round "5"]
[White "Polansky, Adam Lubos"]
[Black "Kirilov, Ivaylo"]
[Result "1-0"]
[WhiteElo "1773"]
[BlackElo "1911"]
[PlyCount "91"]
[EventDate "2016.08.18"]
[EventType "swiss"]
[EventRounds "9"]
[EventCountry "CZE"]
[SourceTitle "CBM 174 Extra"]
[Source "ChessBase"]
[SourceDate "2016.10.10"]
[SourceVersion "1"]
[SourceVersionDate "2016.10.10"]
[SourceQuality "1"]

1. d4 Nf6 2. c4 g6 3. Nc3 Bg7 4. e4 d6 5. Bd3 0-0 6. Nge2 e5 7. d5 Nbd7 8. 0-0 Ne8 9. Be3 Nc5 10. Bc2 a5 11. Qd2 f5 12. exf5 gxf5 13. f4 e4 14. Bd4 Nf6 15. h3 Bd7 16. Nd1 Qe8 17. Ne3 Qg6 18. Qe1 b6 19. Qg3 Qxg3 20. Nxg3 Nxd5 21. Bxc5 Nxf4 22. Rxf4 Be5 23. Rff1 Bxg3 24. Bd4 Be6 25. Nd5 Bxd5 26. cxd5 Rae8 27. Bd1 e3 28. Be2 f4 29. Bc3 Bh4 30. Rad1 Re4 31. Rf3 Rfe8 32. Rd4 Rxd4 33. Bxd4 Re4 34. Bc3 Bg3 35. Kf1 a4 36. a3 Re8 37. Bb5 Re7 38. Ke2 Re4 39. Bd3 Re7 40. Bc2 Re8 41. Bxa4 Re4 42. Bb5 h5 43. b4 Re7 44. a4 Rf7 45. a5 Rf8 46. Bc6 1-0

[Event "Primorsko Dyuni op 1st"]
[Site "Primorsko"]
[Date "2016.05.22"]
[Round "3"]
[White "Kirilov, Ivaylo"]
[Black "Radeva, Viktoria"]
[Result "1/2-1/2"]
[WhiteElo "1861"]
[BlackElo "2121"]
[PlyCount "35"]
[EventDate "2016.05.21"]
[EventType "swiss"]
[EventRounds "7"]
[EventCountry "BUL"]
[SourceTitle "CBM 172 Extra"]
[Source "ChessBase"]
[SourceDate "2016.06.21"]
[SourceVersion "1"]
[SourceVersionDate "2016.06.21"]
[SourceQuality "1"]

1. e4 c5 2. Nf3 d6 3. d4 Nf6 4. Nc3 cxd4 5. Nxd4 a6 6. f3 e5 7. Nb3 Be6 8. Be3 h5 9. Qd2 Nbd7 10. 0-0-0 b5 11. Qf2 Qc7 12. Kb1 Rb8 13. Bd3 b4 14. Ne2 a5 15. Nd2 Nc5 16. Bxc5 dxc5 17. Bc4 Bd7 18. Nf1 1/2-1/2